<?xml version="1.0" encoding="UTF-8"?>
<record
    xmlns:xsi="http://www.w3.org/2001/XMLSchema-instance"
    xsi:schemaLocation="http://www.loc.gov/MARC21/slim http://www.loc.gov/standards/marcxml/schema/MARC21slim.xsd"
    xmlns="http://www.loc.gov/MARC21/slim">

  <leader>00370nam a2200169Ia 4500</leader>
  <datafield tag="100" ind1=" " ind2=" ">
    <subfield code="a">Pratap/K.J/ Reddy/Prakash G </subfield>
  </datafield>
  <datafield tag="650" ind1=" " ind2=" ">
    <subfield code="a">Physics</subfield>
  </datafield>
  <datafield tag="942" ind1=" " ind2=" ">
    <subfield code="c">BK</subfield>
  </datafield>
  <datafield tag="366" ind1=" " ind2=" ">
    <subfield code="f">15</subfield>
  </datafield>
  <datafield tag="654" ind1=" " ind2=" ">
    <subfield code="a">Physics</subfield>
  </datafield>
  <datafield tag="245" ind1=" " ind2=" ">
    <subfield code="a">Engineering physics</subfield>
  </datafield>
  <datafield tag="260" ind1=" " ind2=" ">
    <subfield code="b">New Age International Ltd.</subfield>
    <subfield code="a">Mumbai</subfield>
    <subfield code="c">2008</subfield>
  </datafield>
  <datafield tag="082" ind1=" " ind2=" ">
    <subfield code="a">530/PRA</subfield>
    <subfield code="b">PRA</subfield>
  </datafield>
  <datafield tag="300" ind1=" " ind2=" ">
    <subfield code="a">311</subfield>
  </datafield>
  <datafield tag="546" ind1=" " ind2=" ">
    <subfield code="a">ENGLISH</subfield>
  </datafield>
  <datafield tag="999" ind1=" " ind2=" ">
    <subfield code="c">23632</subfield>
    <subfield code="d">23632</subfield>
  </datafield>
  <datafield tag="952" ind1=" " ind2=" ">
    <subfield code="0">0</subfield>
    <subfield code="1">0</subfield>
    <subfield code="4">0</subfield>
    <subfield code="7">0</subfield>
    <subfield code="8">CRC</subfield>
    <subfield code="a">CRCE</subfield>
    <subfield code="b">428</subfield>
    <subfield code="d">2023-03-17</subfield>
    <subfield code="e">Unique Book Distributors</subfield>
    <subfield code="g">145.00</subfield>
    <subfield code="i">5440 dt 18/02/2008</subfield>
    <subfield code="l">2</subfield>
    <subfield code="o">530/PRA PRA</subfield>
    <subfield code="p">18497</subfield>
    <subfield code="r">2025-05-07</subfield>
    <subfield code="s">2025-05-05</subfield>
    <subfield code="v">160.00</subfield>
    <subfield code="w">0000-00-00</subfield>
    <subfield code="y">BK</subfield>
  </datafield>
  <datafield tag="952" ind1=" " ind2=" ">
    <subfield code="0">0</subfield>
    <subfield code="1">0</subfield>
    <subfield code="4">0</subfield>
    <subfield code="7">0</subfield>
    <subfield code="8">CRC</subfield>
    <subfield code="a">CRCE</subfield>
    <subfield code="b">CRCE</subfield>
    <subfield code="d">2023-03-17</subfield>
    <subfield code="e">Unique Book Distributors</subfield>
    <subfield code="g">145.00</subfield>
    <subfield code="i">5440 dt 18/02/2008</subfield>
    <subfield code="l">0</subfield>
    <subfield code="o">530/PRA PRA</subfield>
    <subfield code="p">18498</subfield>
    <subfield code="r">2023-03-17</subfield>
    <subfield code="v">160.00</subfield>
    <subfield code="w">0000-00-00</subfield>
    <subfield code="y">BK</subfield>
  </datafield>
  <datafield tag="952" ind1=" " ind2=" ">
    <subfield code="0">0</subfield>
    <subfield code="1">0</subfield>
    <subfield code="4">0</subfield>
    <subfield code="7">0</subfield>
    <subfield code="8">CRC</subfield>
    <subfield code="a">CRCE</subfield>
    <subfield code="b">428</subfield>
    <subfield code="d">2023-03-17</subfield>
    <subfield code="e">Unique Book Distributors</subfield>
    <subfield code="g">145.00</subfield>
    <subfield code="i">5440 dt 18/02/2008</subfield>
    <subfield code="l">2</subfield>
    <subfield code="m">1</subfield>
    <subfield code="o">530/PRA PRA</subfield>
    <subfield code="p">18499</subfield>
    <subfield code="r">2025-05-07</subfield>
    <subfield code="s">2025-05-05</subfield>
    <subfield code="v">160.00</subfield>
    <subfield code="w">0000-00-00</subfield>
    <subfield code="y">BK</subfield>
  </datafield>
  <datafield tag="952" ind1=" " ind2=" ">
    <subfield code="0">0</subfield>
    <subfield code="1">0</subfield>
    <subfield code="4">0</subfield>
    <subfield code="7">0</subfield>
    <subfield code="8">CRC</subfield>
    <subfield code="a">CRCE</subfield>
    <subfield code="b">428</subfield>
    <subfield code="d">2023-03-17</subfield>
    <subfield code="e">Unique Book Distributors</subfield>
    <subfield code="g">145.00</subfield>
    <subfield code="i">5440 dt 18/02/2008</subfield>
    <subfield code="l">1</subfield>
    <subfield code="o">530/PRA PRA</subfield>
    <subfield code="p">18500</subfield>
    <subfield code="r">2025-05-07</subfield>
    <subfield code="s">2023-11-18</subfield>
    <subfield code="v">160.00</subfield>
    <subfield code="w">0000-00-00</subfield>
    <subfield code="y">BK</subfield>
  </datafield>
  <datafield tag="952" ind1=" " ind2=" ">
    <subfield code="0">0</subfield>
    <subfield code="1">0</subfield>
    <subfield code="4">0</subfield>
    <subfield code="7">0</subfield>
    <subfield code="8">CRC</subfield>
    <subfield code="a">CRCE</subfield>
    <subfield code="b">CRCE</subfield>
    <subfield code="d">2023-03-17</subfield>
    <subfield code="e">Unique Book Distributors</subfield>
    <subfield code="g">145.00</subfield>
    <subfield code="i">5440 dt 18/02/2008</subfield>
    <subfield code="l">0</subfield>
    <subfield code="o">530/PRA PRA</subfield>
    <subfield code="p">18501</subfield>
    <subfield code="r">2023-03-17</subfield>
    <subfield code="v">160.00</subfield>
    <subfield code="w">0000-00-00</subfield>
    <subfield code="y">BK</subfield>
  </datafield>
  <datafield tag="952" ind1=" " ind2=" ">
    <subfield code="0">0</subfield>
    <subfield code="1">0</subfield>
    <subfield code="4">0</subfield>
    <subfield code="7">0</subfield>
    <subfield code="8">CRC</subfield>
    <subfield code="a">CRCE</subfield>
    <subfield code="b">CRCE</subfield>
    <subfield code="d">2023-03-17</subfield>
    <subfield code="e">Unique Book Distributors</subfield>
    <subfield code="g">145.00</subfield>
    <subfield code="i">5440 dt 18/02/2008</subfield>
    <subfield code="l">0</subfield>
    <subfield code="o">530/PRA PRA</subfield>
    <subfield code="p">18502</subfield>
    <subfield code="r">2023-03-17</subfield>
    <subfield code="v">160.00</subfield>
    <subfield code="w">0000-00-00</subfield>
    <subfield code="y">BK</subfield>
  </datafield>
  <datafield tag="952" ind1=" " ind2=" ">
    <subfield code="0">0</subfield>
    <subfield code="1">0</subfield>
    <subfield code="4">0</subfield>
    <subfield code="7">0</subfield>
    <subfield code="8">CRC</subfield>
    <subfield code="a">CRCE</subfield>
    <subfield code="b">CRCE</subfield>
    <subfield code="d">2023-03-17</subfield>
    <subfield code="e">Unique Book Distributors</subfield>
    <subfield code="g">145.00</subfield>
    <subfield code="i">5440 dt 18/02/2008</subfield>
    <subfield code="l">1</subfield>
    <subfield code="o">530/PRA PRA</subfield>
    <subfield code="p">18503</subfield>
    <subfield code="r">2024-02-06</subfield>
    <subfield code="s">2024-02-05</subfield>
    <subfield code="v">160.00</subfield>
    <subfield code="w">0000-00-00</subfield>
    <subfield code="y">BK</subfield>
  </datafield>
  <datafield tag="952" ind1=" " ind2=" ">
    <subfield code="0">0</subfield>
    <subfield code="1">0</subfield>
    <subfield code="4">0</subfield>
    <subfield code="7">0</subfield>
    <subfield code="8">CRC</subfield>
    <subfield code="a">CRCE</subfield>
    <subfield code="b">428</subfield>
    <subfield code="d">2023-03-17</subfield>
    <subfield code="e">Unique Book Distributors</subfield>
    <subfield code="g">145.00</subfield>
    <subfield code="i">5440 dt 18/02/2008</subfield>
    <subfield code="l">3</subfield>
    <subfield code="o">530/PRA PRA</subfield>
    <subfield code="p">18504</subfield>
    <subfield code="r">2025-05-09</subfield>
    <subfield code="s">2025-05-05</subfield>
    <subfield code="v">160.00</subfield>
    <subfield code="w">0000-00-00</subfield>
    <subfield code="y">BK</subfield>
  </datafield>
  <datafield tag="952" ind1=" " ind2=" ">
    <subfield code="0">0</subfield>
    <subfield code="1">0</subfield>
    <subfield code="4">0</subfield>
    <subfield code="7">0</subfield>
    <subfield code="8">CRC</subfield>
    <subfield code="a">CRCE</subfield>
    <subfield code="b">CRCE</subfield>
    <subfield code="d">2023-03-17</subfield>
    <subfield code="e">Unique Book Distributors</subfield>
    <subfield code="g">145.00</subfield>
    <subfield code="i">5440 dt 18/02/2008</subfield>
    <subfield code="l">0</subfield>
    <subfield code="o">530/PRA PRA</subfield>
    <subfield code="p">18505</subfield>
    <subfield code="r">2023-03-17</subfield>
    <subfield code="v">160.00</subfield>
    <subfield code="w">0000-00-00</subfield>
    <subfield code="y">BK</subfield>
  </datafield>
  <datafield tag="952" ind1=" " ind2=" ">
    <subfield code="0">0</subfield>
    <subfield code="1">0</subfield>
    <subfield code="4">0</subfield>
    <subfield code="7">0</subfield>
    <subfield code="8">CRC</subfield>
    <subfield code="a">CRCE</subfield>
    <subfield code="b">CRCE</subfield>
    <subfield code="d">2023-03-17</subfield>
    <subfield code="e">Unique Book Distributors</subfield>
    <subfield code="g">145.00</subfield>
    <subfield code="i">5440 dt 18/02/2008</subfield>
    <subfield code="l">0</subfield>
    <subfield code="o">530/PRA PRA</subfield>
    <subfield code="p">18506</subfield>
    <subfield code="r">2023-03-17</subfield>
    <subfield code="v">160.00</subfield>
    <subfield code="w">0000-00-00</subfield>
    <subfield code="y">BK</subfield>
  </datafield>
</record>
